Resources for Teaching Gerontology (Record no. 609642)

MARC details
000 -LEADER
fixed length control field 00403nam a22001457a 4500
008 - FIXED-LENGTH DATA ELEMENTS--GENERAL INFORMATION
fixed length control field 260201b |||||||| |||| 00| 0 eng d
020 ## - INTERNATIONAL STANDARD BOOK NUMBER
ISBN 9780887376054
Paper back/Hardbound pbk
082 ## - DEWEY DECIMAL CLASSIFICATION NUMBER
Classification number 305.2607073
Item number WAT
100 ## - MAIN ENTRY--AUTHOR NAME
Personal name Waters,Verle
245 ## - TITLE STATEMENT
Title Resources for Teaching Gerontology
260 ## - PUBLICATION, DISTRIBUTION, ETC. (IMPRINT)
Name of publisher Natl League for Nursing Pr
Year of publication ‎ 1 January 1994
300 ## - PHYSICAL DESCRIPTION
Number of Pages Xiii 80 p.
942 ## - ADDED ENTRY ELEMENTS (KOHA)
Koha item type English Books

No items available.

Find us on the map